La necesidad de reforma del Código Penal (Registro nro. 25052)

Detalles MARC
000 -LEADER
fixed length control field 00368 a2200109 4500
001 - CONTROL NUMBER
control field ART_30582
005 - DATE AND TIME OF LATEST TRANSACTION
control field 20260410161851.0
008 - FIXED-LENGTH DATA ELEMENTS--GENERAL INFORMATION
fixed length control field 260409a
100 1# - MAIN ENTRY--PERSONAL NAME
Personal name Figueroa, Francisco
245 10 - TITLE STATEMENT
Title La necesidad de reforma del Código Penal
773 0# - HOST ITEM ENTRY
Title Derecho Penal
Related parts Anteproyecto de Código Penal de la Nación - Año III, Nº 8 (oct. 2014)
Record control number REV10351

No hay ítems disponibles.